| 000 | 01565nam a2200373Ia 4500 | ||
|---|---|---|---|
| 001 | ebr10310803 | ||
| 003 | CaPaEBR | ||
| 006 | m u | ||
| 007 | cr cn||||||||| | ||
| 008 | 080812s2009 enka sb 001 0beng d | ||
| 020 | _z9781845117825 (pbk.) : | ||
| 020 | _z1845117824 (pbk.) : | ||
| 040 |
_aCaPaEBR _cCaPaEBR |
||
| 035 | _a(OCoLC)503446273 | ||
| 050 | 1 | 4 |
_aDA501.K56 _bW43 2009eb |
| 100 | 1 | _aWebb, Nigel. | |
| 245 | 1 | 4 |
_aThe Earl and his butler in Constantinople _h[electronic resource] : _bthe secret diary of an English servant among the Ottomans / _cNigel and Caroline Webb. |
| 250 | _aNew ed. | ||
| 260 |
_aLondon : _bI. B. Tauris, _c2009. |
||
| 300 |
_axiv, 257 p. : _bcol. ill. |
||
| 500 | _aOriginally published: Oakham: Legini, 2006. | ||
| 504 | _aIncludes bibliographical references and index. | ||
| 533 |
_aElectronic reproduction. _bPalo Alto, Calif. : _cebrary, _d2011. _nAvailable via World Wide Web. _nAccess may be limited to ebrary affiliated libraries. |
||
| 600 | 1 | 0 |
_aKinnoul, George Hay, _cEarl of, _d1689-1758. |
| 600 | 1 | 0 |
_aMedley, Samuel, _db. ca. 1667 _vDiaries. |
| 650 | 0 |
_aAristocracy (Social class) _zScotland _vBiography. |
|
| 650 | 0 |
_aAmbassadors _zGreat Britain _vBiography. |
|
| 650 | 0 |
_aAmbassadors _zTurkey _vBiography. |
|
| 651 | 0 |
_aTurkey _xHistory _yMahmud I, 1730-1754. |
|
| 655 | 7 |
_aElectronic books. _2local |
|
| 700 | 1 | _aWebb, Caroline. | |
| 710 | 2 | _aebrary, Inc. | |
| 856 | 4 | 0 |
_uhttp://site.ebrary.com/lib/rucke/Doc?id=10310803 _zAn electronic book accessible through the World Wide Web; click to view |
| 999 |
_c175916 _d175916 |
||